| 000 | 00412nam a2200181Ia 4500 | ||
|---|---|---|---|
| 005 | 20250423100002.0 | ||
| 008 | 250422s9999 xx 000 0 und d | ||
| 020 | _a9789350145777 | ||
| 050 | _aT 385 .G55/ | ||
| 100 | _aGill, P. S. | ||
| 245 | 0 | _aLearning autocad | |
| 260 | _aDelhi | ||
| 260 | _bS. K. Kataria & son | ||
| 260 | _c2015 | ||
| 300 | _a392 p | ||
| 650 | _a AutoCAD. | ||
| 942 | _cBK | ||
| 999 |
_c31943 _d31943 |
||